| 000 | 00540nam a2200181 i 4500 | ||
|---|---|---|---|
| 001 | 101809 | ||
| 003 | ES-MaACL | ||
| 005 | 20230906183002.0 | ||
| 007 | t| | ||
| 008 | 051025s1951 sp ||||1| cat d | ||
| 100 | 1 |
_aMelendres i Rué, Miquel. _979935 |
|
| 245 | 1 | 3 |
_aLa muntanya de la Mirra _b: (glosses de passió i resurrecció) / _cMiguel Melendres. |
| 250 | _a3ª ed. | ||
| 260 |
_aBarcelona : _bRafael Casulleras, _c1951. |
||
| 300 |
_aVI, 216 p. ; _c17 cm. |
||
| 500 | _a1951, en el lomo. | ||
| 852 |
_aES-MaACL _jD-5683 _bR.31134 |
||
| 999 |
_c101809 _d101809 |
||